Stolice według flag #2 - Statystyki

Ogólne statystyki
  • Ten quiz został rozwiązany 8 razy
  • Średni wynik to 14 z 20
Statystyki odpowiedzi
Obrazkowy Odpowiedź % Poprawnych
Londyn
100%
Rzym
100%
Sztokholm
100%
Tokio
100%
Bruksela
71%
Pjongjang
71%
Sarajewo
71%
Wellington
71%
Astana
57%
Dhaka
57%
Hawana
57%
Katmandu
57%
Kinszasa
57%
Nairobi
57%
Quito
57%
Tajpej
57%
Teheran
57%
Trypolis
57%
Tunis
57%
Suva
43%
Nie znaleziono quizów pasujących do podanych kryteriów
Rozkład punktacji
Procent ludzi z każdym wynikiem
Percentyl według liczby udzielonych odpowiedzi
Twoja historia wyników
Nie rozwiązałeś tego quizu